LEADER 02453nas0-2200457---450 001 990001091640203316 005 20180423154236.0 011 $a0006-2022 035 $a000109164 035 $aUSA01000109164 035 $a(ALEPH)000109164USA01 035 $a000109164 100 $a20021015f---0---9km-||itay0103ba---- 101 $ager 102 $aAT 110 $aaja ||||||| 200 1 $aBiblos$eösterreichische Zeitschrift fur Buch- und Bibliothekwesen, Dokumentation, Bibliographie und Bibliophilie$f[Gesellschaft der Freunde der osterr. Nationalbibliothek, Vereinigung österreichischer Bibliothekare, Österreichisches Institut für Bibliothekforschung, Dokumentations- und Informationswesen] 210 $aWien$cGesellschaft der Freunde der österreichischen Nationalbibliothek 215 $av$d25 cm 300 $aComincia nel 1952 300 $aDescrizione basata su: Jg.34, H.1 (1985) 326 $aTrimestrale; semestrale dal 1995 606 0 $aBiblioteche$xServizi d'informazioni bibliografiche 606 0 $aDocumentzione$xPeriodici 676 $a025 712 02$aÖsterreichisches Institut für Bibliothekforschung, Dokumentations- und Informationswesen 712 02$aGesellschaft der Freunde der osterr. Nationalbibliothek 801 0$aIT$bsalbc$gISBD 912 $a990001091640203316 958 $aUMA$bFondo$cJg.34, H.1 (1985)-H.64(2015). 959 $aSE 979 $aANNAPIA$b90$c20021015$lUSA01$h1111 979 $aPATRY$b90$c20040406$lUSA01$h1715 979 $aMUSELLA$b90$c20130207$lUSA01$h1214 996 $aBiblos$9892135 997 $aUNISA Z30 2$lUSA50$LAdministrative$mISSUE$1UMA$AUMA$3Per XIII 10$5136056-20$820021015$a2001$b50$c2$f09$FNON Prestabile$hJg,50, H.2 (2001)$i20011228$j20020127$k20021015 Z30 2$lUSA50$LAdministrative$mISSUE$1UMA$AUMA$3Per XIII 10$5136056-40$820030212$a2002$b51$c2$f09$FNON Prestabile$hJg,51, H.2 (2002)$i20021228$j20030127 Z30 2$lUSA50$LAdministrative$mISSUE$1UMA$AUMA$3Per XIII 10$5136056-50$820040121$a2003$b52$c1$f09$FNON Prestabile$hJg,52, H.1-2 (2003)$i20030628$j20030728$k20040121 Z30 2$lUSA50$LAdministrative$mISSUE$1UMA$AUMA$3Per XIII 10$6160182/01$5136056-10$820021015$a2001$b50$c1$f09$FNON Prestabile$hJg,50, H.1 (2001)$i20010628$j20010728$k20021015 Z30 2$lUSA50$LAdministrative$mISSUE$1UMA$AUMA$3Per XIII 10$6167983$5136056-30$820021015$a2002$b51$c1$f09$FNON Prestabile$hJg,51, H.1 (2002)$i20020628$j20020728$k20030212 LEADER 04559nam 2200637 450 001 9910798322203321 005 20230808193518.0 010 $a90-04-30415-0 035 $a(CKB)3710000000720842 035 $a(SSID)ssj0001677650 035 $a(PQKBManifestationID)16486825 035 $a(PQKBTitleCode)TC0001677650 035 $a(PQKBWorkID)14944085 035 $a(PQKB)10533772 035 $a(PQKBManifestationID)16379350 035 $a(PQKBWorkID)14944086 035 $a(PQKB)20725769 035 $a(MiAaPQ)EBC4547315 035 $a(nllekb)BRILL9789004304154 035 $a(Au-PeEL)EBL4547315 035 $a(CaPaEBR)ebr11222169 035 $a(CaONFJC)MIL930972 035 $a(OCoLC)951977653 035 $a(EXLCZ)993710000000720842 100 $a20160628h20162016 uy 0 101 0 $aeng 135 $aurcnu|||||||| 181 $ctxt 182 $cc 183 $acr 200 00$aBeyond empires $eglobal, self-organizing, cross-imperial networks, 1500-1800 /$fedited by Ca?tia Antunes, Ame?lia Polo?nia 210 1$aLeiden, Netherlands ;$aBoston, Massachusetts :$cBrill,$d2016. 210 4$d©2016 215 $a1 online resource (327 pages) $cillustrations (some color), tables, graphs 225 1 $aEuropean Expansion and Indigenous Response,$x1873-8974 ;$vVolume 21 300 $aBibliographic Level Mode of Issuance: Monograph 311 $a90-04-30414-2 320 $aIncludes bibliographical references and index. 327 $tPreliminary Material /$rCátia Antunes and Amélia Polónia --$tIntroduction /$rCátia Antunes and Amélia Polónia --$tThe Evolution of Norms in Trade and Financial Networks in the First Global Age: The Case of the Simon Ruiz?s Network /$rAna Sofia Ribeiro --$tTrans-Imperial and Cross-Cultural Networks for the Slave Trade, 1580's?1800's /$rFilipa Ribeiro da Silva --$tDutch and English Approaches to Cross-Cultural Trade in Mughal India and the Problem of Trust, 1600?1630 /$rGuido van Meersbergen --$t?The Japanese Connection?: Self-Organized Smuggling Networks in Nagasaki circa 1666?1742 /$rJurre Knoest --$tThe Pirate Round: Globalized Sea Robbery and Self-Organizing Trans-Maritime Networks around 1700 /$rMichael Kempe --$tMerchant Cooperation in Society and State: A Case Study in the Hispanic Monarchy /$rAna Crespo Solana --$tIn the Shadow of the Companies: Empires of Trade in the Orient and Informal Entrepreneurship /$rChris Nierstrasz --$tSmuggling for Survival: Self-Organized, Cross-Imperial Colony Building in Essequibo and Demerara, 1746?1796 /$rBram Hoonhout --$tTrading with Asia without a Colonial Empire in Asia: Swedish Merchant Networks and Chartered Company Trade, 1760?1790 /$rLeos Müller --$tWas Warfare Necessary for the Functioning of Eighteenth-Century Colonial Systems? Some Reflections on the Necessity of Cross-Imperial and Foreign Trade in the French Case /$rSilvia Marzagalli --$tEpilogue /$rCátia Antunes and Amélia Polónia --$tBibliography /$rCátia Antunes and Amélia Polónia --$tIndex /$rCátia Antunes and Amélia Polónia. 330 $aBeyond Empires explores the complexity of empire building from the point of view of self-organized networks, rather than from the point of view of the central state. This focus takes readers into a world of cooperative strategies worldwide that emphasizes the role played by individuals, rather than institutions, in the overseas expansion and consequent development of European empires. While unveiling the practices and mechanisms of cooperation between individuals, this volume show cases the role played by individuals for the creation, development and maintenance of self-organized networks in the Early Modern period. Applying new conceptual and theoretical inputs, this book values the contributions of different ?worlds?, bringing to the fore the interactions of Europeans and non-Europeans, Christians and non-Christians, people living within-, on- or just outside the border of empire. 410 0$aEuropean expansion and indigenous response ;$vVolume 21. 606 $aColonial companies$zEurope$xHistory 607 $aEurope$xCommerce$xHistory 607 $aEurope$xForeign relations 607 $aEurope$xColonies$xHistory 615 0$aColonial companies$xHistory. 676 $a382.094 702 $aAntunes$b Ca?tia$f1976- 702 $aPolo?nia$b Ame?lia 801 0$bMiAaPQ 801 1$bMiAaPQ 801 2$bMiAaPQ 906 $aBOOK 912 $a9910798322203321 996 $aBeyond empires$93840159 997 $aUNINA